Forecasting : methods and applications

Bibliographic Details
Main Author: Makridakis, Spyros G.
Other Authors: Hyndman, Rob J., Wheelwright, Steven C.
Format: Book
Published: New York : John Wiley & Sons , 1998
Edition:3rd ed.
Subjects:

MARC

LEADER 00000cam a2200000 7i4500
001 0000006618
005 20161102.0
020 |a 0471532339 
040 |a INS 
090 0 0 |a HD30.27   |b M34 1998 
100 1 |a Makridakis, Spyros G. 
245 1 0 |a Forecasting :   |b methods and applications   |c Spyros G. Makridakis 
250 |a 3rd ed. 
260 |a New York :   |b John Wiley & Sons ,   |c 1998 
300 |a 642 p. ;   |c 25 cm. 
650 0 0 |a Forecasting   |x Statistical methods 
700 1 |a Hyndman, Rob J. 
700 1 |a Wheelwright, Steven C. 
999 |a 0000007624   |b BOOK   |c Open Shelf   |e Default branch 
999 |a 0000014751   |b BOOK   |c Open Shelf   |e Default branch 
999 |a 0000021652   |b BOOK   |c Open Shelf   |e Default branch 
999 |a 0000024201   |b BOOK   |c Open Shelf   |e Default branch 
999 |a 0000024621   |b BOOK   |c Open Shelf   |e Default branch